000 00478nam a2200181Ia 4500
003 IIN
005 20250507131328.0
008 231217s9999 xx 000 0 und d
020 _cRs.175.00
_a9789382428213
040 _aIIN
_bEng
082 _a150.2461073
_bKHA
100 1 _aKhan, F.B.
245 1 _aIntroduction to Psychology for Nurses/
_cF.B. Khan
260 _aDelhi
_bKumar Publishing House
_c2012
300 _axvi, 207 p.
650 1 _aPsychology
_vNurses
942 _cBOOK
999 _c454
_d454